=LDR 00000nam 2200000 4500 =001 NUTBA000000000000848 =005 20140403115901.0 =006 =007 =008 =020 ##$$a 979-1073-28-7 =035 ##$$a 0010-041400000000118 =040 ##$$a Ind =082 ##$$a 657.42 =090 ##$$a 657.42$bsan a =100 ##$$a Santoso, Iman =245 ##$$a Akuntasi keuangan menengah intermediate accouting$cIman santoso =250 ##$$a Cet.1 =260 ##$$a Bandung$bRefiaka aditama$c2007. =300 ##$$a Xiii,316 Hlm$bIlus$c23 cm. =850 ##$$a NBPNMAT =990 ##$$a 20703596 =990 ##$$a 92580/BPAP-NTB/2014